Biobased polyols for industrial polymers /

Bibliographic Details
Main Author: Kyriacos, Deny (Author)
Corporate Author: Wiley InterScience (Online service)
Format: eBook
Language:English
Published: Hoboken, NJ : Wiley, 2020.
Subjects:
Online Access:Connect to the full text of this electronic book

MARC

Tag First Indicator Second Indicator Subfields
LEADER 00000cam a2200000Ii 4500
001 in00004150321
006 m o d
007 cr cnu|||unuuu
008 200221s2020 nju ob 001 0 eng d
005 20250816191230.3
020 |a 9781119620358  |q (electronic bk. : oBook) 
020 |a 111962035X  |q (electronic bk. : oBook) 
020 |z 9781119620167  |q (print) 
020 |a 9781119620297  |q (ePub ebook) 
020 |a 1119620295 
020 |a 9781119620174  |q (PDF ebook) 
020 |a 1119620171 
024 8 |a 99984253314 
035 |a (NhCcYBP)ybp16322844 
037 |a 9781119620297  |b Wiley 
040 |a NhCcYBP  |c NhCcYBP  |d UtOrBLW 
050 4 |a TP248.A5  |b K97 2020 
082 0 4 |a 668.9  |2 23 
100 1 |a Kyriacos, Deny,  |e author.  |0 http://id.loc.gov/authorities/names/n2019070762 
245 1 0 |a Biobased polyols for industrial polymers /  |c Deny Kyriacos. 
264 1 |a Hoboken, NJ :  |b Wiley,  |c 2020. 
300 |a 1 online resource. 
336 |a text  |b txt  |2 rdacontent 
337 |a computer  |b c  |2 rdamedia 
338 |a online resource  |b cr  |2 rdacarrier 
505 0 |a Vegetable Oils, Animal Fats, Carbohydrates and Polyols -- Polyurethanes, Polyesters and Epoxies -- Vegetable Oils and Fats -- Chemistry of Triglycerides and Fatty Acids -- Polyols from Triglycerides -- Carbohydrate-Based Polyols -- Biobased Polyols and Their Applications. 
504 |a Includes bibliographical references and index. 
588 0 |a Online resource; title from PDF title page (John Wiley, viewed February 21, 2020). 
500 |a Electronic resource. 
650 0 |a Polyols.  |0 http://id.loc.gov/authorities/subjects/sh86005603 
650 0 |a Polymers.  |0 http://id.loc.gov/authorities/subjects/sh85104660 
655 7 |a Electronic books.  |2 local 
710 2 |a Wiley InterScience (Online service)  |0 http://id.loc.gov/authorities/names/no00037213 
776 1 8 |i Print version :  |z 9781119620167 
856 4 0 |u http://proxy.library.tamu.edu/login?url=https://onlinelibrary.wiley.com/book/10.1002/9781119620358  |z Connect to the full text of this electronic book  |t 0 
955 |a YBP purchased firm e-records 
980 |b 225.00  |g 1 
999 f f |s 24acc348-79d1-3a52-8400-aeae047221b5  |i b335166c-23d5-3fc4-97b7-02d9866b9c10  |t 0 
952 f f |a Texas A&M University  |b College Station  |c Electronic Resources  |d Available Online  |t 0  |e TP248.A5 K97 2020  |h Library of Congress classification 
998 f f |a TP248.A5 K97 2020  |t 0  |l Available Online